书目信息 |
| 题名: |
电力系统运行操作和计算
|
|
| 作者: | ;东北电业管理局调度局 编 | |
| 分册: | ||
| 出版信息: | 北京 水利电力出版社 1977 |
|
| 页数: | 797页 | |
| 开本: | 26cm | |
| 丛书名: | ||
| 单 册: | ||
| 中图分类: | TM732 | |
| 科图分类: | ||
| 主题词: | 电力系统运行 | |
| 电子资源: | ||
| ISBN: | ||
| 000 | 00702nam0 2200229 45 | |
| 001 | 0177003173 | |
| 005 | 20060721180207.51 | |
| 010 | @dCNY4.70 | |
| 100 | @a19951011d1977 em y0chiy0121 ea | |
| 101 | 0 | @achi |
| 102 | @aCN@b110000 | |
| 105 | @af z 000yy | |
| 200 | 10 | @a电力系统运行操作和计算@Adian li xi tong yun hing cao zuo he ji suan@f东北电业管理局调度局编 |
| 210 | @a北京@c水利电力出版社@d1977 | |
| 215 | @a797页@c图表@d26cm | |
| 300 | @a《附录》中提供了各种图表与设备型号、参数 | |
| 606 | @a电力系统运行 | |
| 690 | @aTM732@v3 | |
| 711 | 02 | @a东北电业管理局调度局@Adong bei dian ye guan li ju diao du ju@4编 |
| 801 | 2 | @aCN@bNLC@c20060721 |
| 801 | 0 | @aCN@bTSSF |
| 905 | @a10447@dTM732@e22 | |
| 电力系统运行操作和计算/东北电业管理局调度局编.-北京:水利电力出版社,1977 |
| 797页:图表;26cm |
| 《附录》中提供了各种图表与设备型号、参数 |
| ISBN :CNY4.70 |
| ● |
| 相关链接 |
|
|
|
|
正题名:电力系统运行操作和计算
索取号:TM732/22
 
预约/预借
| 序号 | 登录号 | 条形码 | 馆藏地/架位号 | 状态 | 备注 |
| 1 | 0277021 | 202173049 | 密集书库/ [索取号:TM732/22] | 在馆 | |
| 2 | 0437616 | 204376166 | 密集书库/ [索取号:TM732/22] | 在馆 |